Slovensko a Bezpečnostná rada OSN

Kandidatúra Slovenska na miesto nestáleho člena Bezpečnostnej rady OSN. Zvýšenie medzinárodnej prestíže Slovenskej republiky. Západný Balkán a východná Európa ako priority počas pôsobenia SR v Bezpečnostnej rade OSN. Pozitívne hodnotenie slovenskej diplomacie. Reformy Bezpečnostnej rady OSN. Rozhodo...

Ausführliche Beschreibung

Gespeichert in:
Bibliographische Detailangaben
1. Verfasser: Martyniv, Halina
Format: Buchkapitel
Sprache:Slowakisch
Schlagworte:
Tags: Tag hinzufügen
Keine Tags, Fügen Sie das erste Tag hinzu!

MARC

LEADER 00000naa$a2200000$$$4500
001 0053053
005 20240502071619.3
041 0 |a slo 
044 |a SK 
245 1 0 |a Slovensko a Bezpečnostná rada OSN  |c Halina Martyniv 
520 |a Kandidatúra Slovenska na miesto nestáleho člena Bezpečnostnej rady OSN. Zvýšenie medzinárodnej prestíže Slovenskej republiky. Západný Balkán a východná Európa ako priority počas pôsobenia SR v Bezpečnostnej rade OSN. Pozitívne hodnotenie slovenskej diplomacie. Reformy Bezpečnostnej rady OSN. Rozhodovania a rokovania na pôde Bezpečnostnej rady OSN. Priority zahraničnej politiky Slovenskej republiky. 
610 2 0 |a politika zahraničná 
610 2 0 |a vzťahy medzinárodné 
610 2 0 |a diplomacia 
610 2 0 |a organizácie medzinárodné 
610 2 0 |a bezpečnosť 
610 2 0 |a spravodlivosť 
610 2 0 |a práva ľudské 
610 2 0 |a demokracia 
610 2 0 |a Slovensko 
100 1 |a Martyniv, Halina